000
00348nam a2200157Ia 4500
100
_a
Dr.Windy Dryden
650
_a
Philosophy
942
_c
BK
654
_a
accept yourself
245
_a
How to accept yourself
260
_b
Better Yourself Books
_a
Bandra
_c
1999
082
_a
170/WIN
_b
WIN
300
_a
191
546
_a
ENGLISH
999
_c
26870
_d
26870